The process of evolution / (Record no. 20537)
[ view plain ]
| 000 -LEADER | |
|---|---|
| fixed length control field | 00877nam a22002771 4500 |
| 001 - CONTROL NUMBER | |
| control field | 20537 |
| 003 - CONTROL NUMBER IDENTIFIER | |
| rucl marc code | BD-RjUL |
| 005 - DATE AND TIME OF LATEST TRANSACTION | |
| control field | 20211209000558.0 |
| 008 - FIXED-LENGTH DATA ELEMENTS--GENERAL INFORMATION | |
| fixed length control field | 140301s1963 nyuab b 000 0 eng |
| 035 ## - SYSTEM CONTROL NUMBER | |
| System control number | (BD-RjUL)20599 |
| 040 ## - CATALOGING SOURCE | |
| Original cataloging agency | DLC |
| Transcribing agency | DLC |
| Modifying agency | ICU |
| -- | BD-RjUL |
| Language of cataloging | eng |
| 041 ## - LANGUAGE CODE | |
| Language code of text/sound track or separate title | eng |
| 082 00 - DEWEY DECIMAL CLASSIFICATION NUMBER | |
| Classification number | 575 |
| Author mark and year | EHP 1963 |
| 100 1# - MAIN ENTRY--PERSONAL NAME | |
| Personal name | Ehrlich, Paul R. |
| 9 (RLIN) | 36480 |
| 245 14 - TITLE STATEMENT | |
| Title | The process of evolution / |
| Statement of responsibility, etc. | by Paul R. Ehrlich. |
| 260 ## - PUBLICATION, DISTRIBUTION, ETC. (IMPRINT) | |
| Place of publication, distribution, etc. | New York : |
| Name of publisher, distributor, etc. | McGraw-Hill , |
| Date of publication, distribution, etc. | 1963. |
| 300 ## - PHYSICAL DESCRIPTION | |
| Pagination | xvi, 347 p. : |
| Illustrations | illus., maps, diagrs. ; |
| Size | 24 cm. |
| 504 ## - BIBLIOGRAPHY, ETC. NOTE | |
| Bibliography, etc | Includes bibliographies. |
| 650 #0 - SUBJECT ADDED ENTRY--TOPICAL TERM | |
| Topical term or geographic name as entry element | Evolution (Biology) |
| 9 (RLIN) | 63363 |
| Topical term or geographic name as entry element | Genetics. |
| 9 (RLIN) | 63364 |
| 700 1# - ADDED ENTRY--PERSONAL NAME | |
| Personal name | Holm, Richard W., |
| Relator term | joint author. |
| 942 ## - ADDED ENTRY ELEMENTS (KOHA) | |
| Source of classification or shelving scheme | Dewey Decimal Classification |
| Koha item type | Books |
| Lost status | Source of classification or shelving scheme | Damaged status | Not for loan | Collection code | Permanent Location | Current Location | Shelving location | Date acquired | Source of acquisition | Cost, normal purchase price | Total Checkouts | Full call number | Date last seen | Copy number | Koha item type |
|---|---|---|---|---|---|---|---|---|---|---|---|---|---|---|---|
| Dewey Decimal Classification | Non-fiction | Central Library, University of Rajshahi | Central Library, University of Rajshahi | 03/08/1968 | Sweet & Zeither | 88.60 | 575 EHP 1963 | 01/03/2014 | C-3 | Books | |||||
| Dewey Decimal Classification | Not For Loan | Non-fiction | Central Library, University of Rajshahi | Central Library, University of Rajshahi | Reading Room | 21/05/1968 | colombo | 575 EHP 1963 | 23/05/2017 | C-1 | Books | ||||
| Dewey Decimal Classification | Non-fiction | Central Library, University of Rajshahi | Central Library, University of Rajshahi | 14/09/1967 | Sweets and zeitlinger | 76.00 | 575 EHP 1963 | 23/05/2017 | C-2 | Books |